| 000 | 00662nam a2200217 4500 | ||
|---|---|---|---|
| 010 | _aB-181262 | ||
| 020 |
_a8186623507 _c400 |
||
| 035 | _aB-181262 | ||
| 037 | _bCen Lib / Ret | ||
| 040 |
_aDPL _bEN |
||
| 082 |
_a338.644 _bSEL |
||
| 110 | _bNational Institute of Industrial Research board | ||
| 245 | _aSelect and start your own industry / | ||
| 250 | _a3rd ed | ||
| 260 |
_aDelhi _bNational Institute of Industrial Research board |
||
| 270 |
_aNational Institute of Industrial Research board _bDelhi |
||
| 300 |
_a384p _b24cm(Hb) |
||
| 650 | _aBiotechnology | ||
| 650 | _aEconomics resources | ||
| 942 |
_2ddc _cEN _h338.644 _mSEL |
||
| 999 |
_c136595 _d136595 |
||